Normal view
MARC view
Entry Personal Name
001 - CONTROL NUMBER
- control field: 1051325
003 - CONTROL NUMBER IDENTIFIER
- control field: OSt
005 - DATE AND TIME OF LATEST TRANSACTION
- control field: 20260121165415.0
008 - FIXED-LENGTH DATA ELEMENTS
- fixed length control field: 260121|| aca||aabn | a|a d
040 ## - CATALOGING SOURCE
- Original cataloging agency: OSt
- Transcribing agency: OSt
100 ## - HEADING--PERSONAL NAME
- Personal name: Francisco J. Mata, Ana Pont
670 ## - SOURCE DATA FOUND
- Source citation: Work cat.: (OSt)1617050: Francisco J. Mata, Ana Pont, ICT for Promoting Human Development and Protecting the Environment
